LEADER 01254nam--2200349---450- 001 990002293360203316 005 20090928090516.0 035 $a000229336 035 $aUSA01000229336 035 $a(ALEPH)000229336USA01 035 $a000229336 100 $a20041222d1925----km-y0itay0103----ba 101 $aita 102 $aIT 105 $a||||||||001yy 200 1 $aRelazioni e proposte della Commissione presidenziale per lo studio delle riforme costituzionali$ecostituita con decr. Presidenziale 31 gennaio 1925$fPresidenza del Consiglio dei Ministri 210 $aRoma$cProvveditorato Generale Dello Stato$d1925 215 $a206 p.$d24 cm 410 0$12001 454 1$12001 461 1$1001-------$12001 710 02$aItalia : Presidenza del Consiglio dei Ministri$0254944 801 0$aIT$bsalbc$gISBD 912 $a990002293360203316 951 $aXXIV.2.E. 169 (IG IV 247)$b22390 G.$cXXIV.2.E. 169 (IG IV)$d00015130 959 $aBK 969 $aGIU 979 $aSIAV7$b10$c20041222$lUSA01$h1009 979 $aSIAV7$b10$c20041222$lUSA01$h1010 979 $aRSIAV4$b90$c20090928$lUSA01$h0905 996 $aRelazioni e proposte della Commissione presidenziale per lo studio delle riforme costituzionali$91068115 997 $aUNISA LEADER 00810nam0-22002411i-450 001 990004774280403321 005 20260318105458.0 035 $aFED01000477428 100 $a19990530g19309999km-y0itay50------ba 101 0 $alat$agrc 105 $ay-------001yy 200 1 $aFontes historiae mysteriorum aevi hellenistici$eE graecis et latinis scriptoribus selegit brevi adnotatione instruxit$fNicolaus Turchi 205 $aEdizione anastatica 210 $aRoma$cLibr. di Scienze e Lettere$d1930. 215 $aVIII, 308 p.$d21 cm 700 1$aTurchi,$bNicola$c<1882-1958>$0326653 801 0$aIT$bUNINA$gRICA$2UNIMARC 901 $aBK 912 $a990004774280403321 952 $aV F 23$bBibl. 35470$fFLFBC 959 $aFLFBC 996 $aFontes historiae mysteriorum aevi hellenistici$9559312 997 $aUNINA